[Event "Moscow-chT"]
[Site "Moscow"]
[Date "2016.10.29"]
[Round "7.1"]
[White "Popov, Ivan1111"]
[Black "Borisenko, Andrei"]
[Result "1-0"]
[WhiteElo "2596"]
[BlackElo "2412"]
[PlyCount "35"]
[EventDate "2016.10.18"]
[EventType "team-swiss"]
[EventRounds "9"]
[EventCountry "RUS"]
[SourceTitle "CBM 175 Extra"]
[Source "ChessBase"]
[SourceDate "2016.12.12"]
[SourceVersion "1"]
[SourceVersionDate "2016.12.12"]
[SourceQuality "1"]
[WhiteTeam "RGGU"]
[BlackTeam "Russia Chess School"]
[WhiteTeamCountry "RUS"]
[BlackTeamCountry "RUS"]

1. e4 e6 2. d4 d5 3. Nc3 Bb4 4. a3 Bxc3+ 5. bxc3 Ne7 6. Bd3 c5 7. exd5 Qxd5 8. Nf3 b6 9. Ng5 Nbc6 10. 0-0 h6 11. Qh5 g6 12. Qh4 Nf5 13. Bxf5 exf5 14. Re1+ Kf8 15. Nh7+ Rxh7 16. Bxh6+ Rg7 17. Bxg7+ Kxg7 18. Re8 1-0

[Event "Moscow-chT"]
[Site "Moscow"]
[Date "2015.10.29"]
[Round "7.1"]
[White "Vdovin, Vadim"]
[Black "Borisenko, Andrei"]
[Result "0-1"]
[WhiteElo "2343"]
[BlackElo "2414"]
[PlyCount "92"]
[EventDate "2015.10.15"]
[EventType "team-swiss"]
[EventRounds "9"]
[EventCountry "RUS"]
[SourceTitle "EXT 2017"]
[Source "ChessBase"]
[SourceDate "2016.10.25"]
[SourceVersion "1"]
[SourceVersionDate "2016.10.25"]
[SourceQuality "1"]
[WhiteTeam "Glek Academy"]
[BlackTeam "Boavista"]
[WhiteTeamCountry "RUS"]
[BlackTeamCountry "RUS"]

1. e4 e6 2. d4 d5 3. Nd2 Nc6 4. Ngf3 Nf6 5. e5 Ng4 6. h3 Nh6 7. c3 f6 8. Bd3 Nf7 9. Qe2 fxe5 10. dxe5 g5 11. Nb3 Bg7 12. Bb5 Bd7 13. Nc5 Qe7 14. Nxd7 Kxd7 15. 0-0 a6 16. Bxc6+ bxc6 17. Rd1 h5 18. Rd4 c5 19. Ra4 c4 20. b3 g4 21. Nd4 Bxe5 22. bxc4 gxh3 23. cxd5 exd5 24. Qf3 Bxd4 25. Rxd4 Qe1+ 26. Kh2 Nd6 27. Qxh3+ Kc6 28. Qf3 Qe6 29. Bf4 Nb5 30. Re1 Nxd4 31. Rxe6+ Nxe6 32. Be5 Rh6 33. c4 Rd8 34. Qe3 Rg6 35. f4 Rg4 36. Bf6 Rd6 37. cxd5+ Kxd5 38. Qb3+ Ke4 39. Qc4+ Kf5 40. Be5 Rd2 41. Qb3 Rdxg2+ 42. Kh1 Rg1+ 43. Kh2 R4g2+ 44. Kh3 Rg3+ 45. Qxg3 Rxg3+ 46. Kxg3 c5 0-1

[Event "Varna op-A 8th"]
[Site "Varna"]
[Date "2014.06.20"]
[Round "2"]
[White "Borisenko, Andrei"]
[Black "Nikolov, Momchil"]
[Result "1/2-1/2"]
[WhiteElo "2413"]
[BlackElo "2518"]
[PlyCount "66"]
[EventDate "2014.06.19"]
[EventType "swiss"]
[EventRounds "9"]
[EventCountry "BUL"]
[SourceTitle "CBM 161 Extra"]
[Source "ChessBase"]
[SourceDate "2014.08.29"]
[SourceVersion "1"]
[SourceVersionDate "2014.08.29"]
[SourceQuality "1"]

1. e4 c5 2. Nf3 e6 3. c4 Nc6 4. Nc3 e5 5. d3 d6 6. Be2 g6 7. 0-0 Bg7 8. Nd5 Nge7 9. Bg5 0-0 10. Qd2 f6 11. Bh6 Bg4 12. Bxg7 Kxg7 13. Ne1 Be6 14. Nc2 Qd7 15. f4 Nd4 16. Nxd4 cxd4 17. fxe5 fxe5 18. Qg5 Ng8 19. Rxf8 Rxf8 20. Rf1 Rxf1+ 21. Bxf1 Bxd5 22. cxd5 Nf6 23. Be2 Qb5 24. Qd2 a5 25. a3 Qc5 26. Kf1 h6 27. Ke1 g5 28. Kd1 Kf7 29. h4 Kg6 30. hxg5 hxg5 31. Qe1 b6 32. Qg3 Qc8 33. Kd2 Qd7 1/2-1/2

[Event "Moscow MGSU Rector Cup"]
[Site "Moscow"]
[Date "2012.11.10"]
[Round "4"]
[White "Popov, Ivan1111"]
[Black "Borisenko, Andrei"]
[Result "1-0"]
[WhiteElo "2624"]
[BlackElo "2413"]
[PlyCount "65"]
[EventDate "2012.11.09"]
[EventType "swiss (rapid)"]
[EventRounds "11"]
[EventCountry "RUS"]
[SourceTitle "EXT 2013"]
[Source "ChessBase"]
[SourceDate "2012.11.22"]
[SourceVersion "1"]
[SourceVersionDate "2012.11.22"]
[SourceQuality "1"]

1. e4 e6 2. d4 d5 3. Nc3 Bb4 4. exd5 exd5 5. Bd3 Nc6 6. a3 Bxc3+ 7. bxc3 Nge7 8. Rb1 b6 9. Qf3 Be6 10. Ne2 Qd7 11. Ng3 0-0-0 12. h3 f6 13. 0-0 h5 14. Nxh5 Nf5 15. Nf4 Nh4 16. Qe2 Bf7 17. Qg4 f5 18. Qg5 Rde8 19. Bb5 Qd6 20. Nd3 Rh5 21. Qg3 Qf6 22. Nb4 f4 23. Qg4+ Re6 24. Bxc6 Rg5 25. Qxf4 Rxg2+ 26. Kh1 Qg6 27. Qxh4 Re4 28. Bf4 Re2 29. Rg1 Rxg1+ 30. Rxg1 Qe4+ 31. Kh2 Be8 32. Qg4+ Kd8 33. Bg5+ 1-0

[Event "RUS-chT 19th"]
[Site "Sochi"]
[Date "2012.04.12"]
[Round "4"]
[White "Borisenko, Andrei"]
[Black "Lyaskovsky, Viktor"]
[Result "1-0"]
[WhiteElo "2399"]
[BlackElo "2258"]
[PlyCount "63"]
[EventDate "2012.04.09"]
[EventType "team-swiss"]
[EventRounds "7"]
[EventCountry "RUS"]
[SourceTitle "CBM 148"]
[Source "ChessBase"]
[SourceDate "2012.05.16"]
[SourceVersion "1"]
[SourceVersionDate "2012.05.16"]
[SourceQuality "1"]
[WhiteTeam "Moscow Orienta"]
[BlackTeam "Vladivostok"]
[WhiteTeamCountry "RUS"]
[BlackTeamCountry "RUS"]

1. d4 Nf6 2. c4 c5 3. Nf3 cxd4 4. Nxd4 Nc6 5. Nc3 g6 6. g3 Bg7 7. Bg2 a6 8. 0-0 0-0 9. h3 Qc7 10. Be3 d6 11. Rc1 Nxd4 12. Bxd4 Be6 13. b3 Rac8 14. Qd2 Qb8 15. a4 b6 16. f4 Nd7 17. e4 Bxd4+ 18. Qxd4 Nc5 19. Rb1 Bd7 20. Nd5 Rfe8 21. f5 Bc6 22. h4 Bxd5 23. exd5 Nd7 24. Bh3 Ne5 25. fxg6 hxg6 26. h5 b5 27. hxg6 fxg6 28. Be6+ Kh7 29. Rbe1 Rf8 30. Qh4+ Kg7 31. Qxe7+ Kh6 32. Kg2 1-0

[Event "RUS-chT 19th"]
[Site "Sochi"]
[Date "2012.04.11"]
[Round "3"]
[White "Borisenko, Andrei"]
[Black "Nevostrujev, Vladimir"]
[Result "1-0"]
[WhiteElo "2399"]
[BlackElo "2461"]
[PlyCount "73"]
[EventDate "2012.04.09"]
[EventType "team-swiss"]
[EventRounds "7"]
[EventCountry "RUS"]
[SourceTitle "CBM 148"]
[Source "ChessBase"]
[SourceDate "2012.05.16"]
[SourceVersion "1"]
[SourceVersionDate "2012.05.16"]
[SourceQuality "1"]
[WhiteTeam "Moscow Orienta"]
[BlackTeam "Kemerovo"]
[WhiteTeamCountry "RUS"]
[BlackTeamCountry "RUS"]

1. d4 Nf6 2. c4 g6 3. Nc3 Bg7 4. e4 0-0 5. Nf3 d6 6. h3 c6 7. Be3 Nbd7 8. g4 a5 9. Bd3 a4 10. a3 Qa5 11. Qe2 e5 12. d5 cxd5 13. cxd5 Nxd5 14. exd5 e4 15. Bxe4 Bxc3+ 16. Kf1 Bg7 17. Rd1 Nc5 18. Bb1 Bd7 19. Kg2 Rfe8 20. Nd4 Re5 21. Qf3 Qb6 22. Rd2 Rae8 23. Rhd1 h5 24. Bf4 hxg4 25. hxg4 R5e7 26. Bg5 Ne4 27. Bxe4 Rxe4 28. Ne6 R8xe6 29. dxe6 Rxe6 30. Kg1 Bc6 31. Qg3 Bxb2 32. Rxd6 Rxd6 33. Qxd6 Qb3 34. Rd3 Qc2 35. Qd8+ Kg7 36. Bh6+ Kh7 37. Rh3 1-0

[Event "Moscow op-A"]
[Site "Moscow"]
[Date "2012.01.31"]
[Round "4"]
[White "Borisenko, Andrei"]
[Black "Toropov, Pavel"]
[Result "1-0"]
[WhiteElo "2386"]
[BlackElo "2302"]
[PlyCount "55"]
[EventDate "2012.01.28"]
[EventType "swiss"]
[EventRounds "9"]
[EventCountry "RUS"]
[SourceTitle "CBM 146 Extra"]
[Source "ChessBase"]
[SourceDate "2012.02.29"]
[SourceVersion "1"]
[SourceVersionDate "2012.02.29"]
[SourceQuality "1"]

1. d4 d5 2. c4 dxc4 3. Nf3 Nf6 4. g3 c6 5. Bg2 e6 6. 0-0 b5 7. a4 Bb7 8. b3 cxb3 9. Nbd2 Nbd7 10. Nxb3 bxa4 11. Rxa4 c5 12. Bg5 cxd4 13. Rxd4 Qb6 14. Qa1 Bd5 15. Rb1 a5 16. Nbd2 Qa7 17. e4 Bc6 18. Rc4 Bc5 19. Ne5 Bxf2+ 20. Kh1 Nxe5 21. Qxe5 Bd7 22. Bxf6 gxf6 23. Qxf6 Rf8 24. e5 Rb8 25. Rbc1 Qe3 26. Ne4 Rb6 27. Nd6+ Rxd6 28. exd6 1-0

[Event "Samara Polugaevsky Memorial 1st"]
[Site "Samara"]
[Date "2011.07.11"]
[Round "7"]
[White "Borisenko, Andrei"]
[Black "Murtazin, Bulat"]
[Result "1-0"]
[WhiteElo "2376"]
[BlackElo "1964"]
[PlyCount "49"]
[EventDate "2011.07.05"]
[EventType "swiss"]
[EventRounds "9"]
[EventCountry "RUS"]
[SourceTitle "CBM 143 Extra"]
[Source "ChessBase"]
[SourceDate "2011.08.29"]
[SourceVersion "1"]
[SourceVersionDate "2011.08.29"]
[SourceQuality "1"]

1. d4 e6 2. g3 f5 3. Bg2 Nf6 4. c4 Be7 5. Nc3 0-0 6. Nh3 d6 7. 0-0 a6 8. Qb3 Nbd7 9. Nf4 Nb6 10. c5 dxc5 11. dxc5 Bxc5 12. Nxe6 Bxe6 13. Qxe6+ Kh8 14. Qxf5 Nfd7 15. Qh3 c6 16. Be4 Nf6 17. Bg5 h6 18. Bxh6 gxh6 19. Qxh6+ Kg8 20. Qg5+ Kh8 21. Qxc5 Nxe4 22. Nxe4 Nd5 23. Rad1 Qd7 24. Nc3 Qe7 25. Rxd5 1-0

[Event "Samara Polugaevsky Memorial 1st"]
[Site "Samara"]
[Date "2011.07.06"]
[Round "2"]
[White "Eryshkanova, Anastasiya"]
[Black "Borisenko, Andrei"]
[Result "0-1"]
[WhiteElo "2122"]
[BlackElo "2376"]
[PlyCount "70"]
[EventDate "2011.07.05"]
[EventType "swiss"]
[EventRounds "9"]
[EventCountry "RUS"]
[SourceTitle "CBM 143 Extra"]
[Source "ChessBase"]
[SourceDate "2011.08.29"]
[SourceVersion "1"]
[SourceVersionDate "2011.08.29"]
[SourceQuality "1"]

1. e4 e6 2. d4 d5 3. exd5 exd5 4. Nf3 Nf6 5. Bd3 c5 6. dxc5 Bxc5 7. 0-0 0-0 8. c3 Ne4 9. Nbd2 Bf5 10. Nb3 Bb6 11. Nbd4 Bg4 12. Qc2 Re8 13. Bf4 Nc6 14. Rae1 Bxf3 15. Nxf3 f5 16. Bb5 a6 17. Ba4 g5 18. Be3 Bc7 19. Nd4 Qd6 20. f4 Nxd4 21. Bxd4 b5 22. Bb3 gxf4 23. Qe2 Rad8 24. a4 bxa4 25. Bxa4 Re6 26. Qh5 Rh6 27. Qxf5 f3 28. g3 Nxg3 29. Qe5 Qxe5 30. Bxe5 Bb6+ 31. Rf2 Ne4 32. Bd4 Bxd4 33. cxd4 Nxf2 34. Kxf2 Rxh2+ 35. Kxf3 Rxb2 0-1

[Event "Privolzhskogo FO-ch"]
[Site "Togliatti"]
[Date "2011.03.16"]
[Round "7"]
[White "Pasiev, Rakhim"]
[Black "Borisenko, Andrei"]
[Result "0-1"]
[WhiteElo "2304"]
[BlackElo "2386"]
[PlyCount "96"]
[EventDate "2011.03.10"]
[EventType "swiss"]
[EventRounds "9"]
[EventCountry "RUS"]
[SourceTitle "CBM 141 Extra"]
[Source "ChessBase"]
[SourceDate "2011.05.03"]
[SourceVersion "1"]
[SourceVersionDate "2011.05.03"]
[SourceQuality "1"]

1. e4 e6 2. d4 d5 3. Nc3 Bb4 4. e5 Ne7 5. a3 Bxc3+ 6. bxc3 b6 7. Qg4 Ng6 8. h4 h5 9. Qd1 Qd7 10. Bg5 Qc6 11. Qd2 Ba6 12. Bxa6 Nxa6 13. f4 Qc4 14. Ne2 Nf8 15. f5 exf5 16. 0-0 g6 17. Bf6 Rg8 18. Nf4 Kd7 19. Nd3 Ne6 20. Nb2 Qc6 21. c4 Kc8 22. cxd5 Qxd5 23. Rad1 c5 24. Qe2 Kb7 25. dxc5 Qxc5+ 26. Kh1 Rac8 27. Rd7+ Rc7 28. Rfd1 Rgc8 29. Nc4 Kb8 30. Ne3 f4 31. Rxc7 Rxc7 32. Nd5 Rd7 33. Be7 f3 34. Qxf3 Rxe7 35. Nxe7 Qxe7 36. g3 Nac5 37. Rf1 Nd8 38. Qf4 Nce6 39. Qa4 Kb7 40. Qe4+ Nc6 41. Qd5 Ned8 42. Rd1 Kc7 43. Qf3 Nxe5 44. Qf4 Ndc6 45. a4 Qb4 46. Kg2 Qxf4 47. gxf4 Ng4 48. Kf3 Nh6 0-1

[Event "Privolzhskogo FO-ch"]
[Site "Togliatti"]
[Date "2011.03.11"]
[Round "2"]
[White "Borisenko, Andrei"]
[Black "Natacheev, Peter"]
[Result "1/2-1/2"]
[WhiteElo "2386"]
[BlackElo "2221"]
[PlyCount "89"]
[EventDate "2011.03.10"]
[EventType "swiss"]
[EventRounds "9"]
[EventCountry "RUS"]
[SourceTitle "CBM 141 Extra"]
[Source "ChessBase"]
[SourceDate "2011.05.03"]
[SourceVersion "1"]
[SourceVersionDate "2011.05.03"]
[SourceQuality "1"]

1. e4 c5 2. Nf3 e6 3. d4 cxd4 4. Nxd4 Nf6 5. Nc3 Nc6 6. Ndb5 d6 7. Bf4 e5 8. Bg5 a6 9. Na3 b5 10. Bxf6 gxf6 11. Nd5 Bg7 12. c3 0-0 13. Nc2 f5 14. exf5 Bxf5 15. Nce3 Be6 16. Bd3 f5 17. Qh5 e4 18. Bc2 Ne7 19. Rd1 Ng6 20. f4 Qd7 21. 0-0 Ne7 22. g4 Nxd5 23. Nxd5 Rae8 24. Rfe1 Qc6 25. Bb3 Kh8 26. g5 Bf7 27. Qe2 a5 28. Ne3 Bxb3 29. axb3 b4 30. cxb4 axb4 31. Rd5 Ra8 32. Red1 Ra2 33. Nc4 Ra1 34. Qd2 e3 35. Nxe3 Rxd1+ 36. Nxd1 Re8 37. Kf2 Re4 38. Rxd6 Qc5+ 39. Kg2 Bd4 40. Rd8+ Kg7 41. Kg3 Kg6 42. Kh3 Qc6 43. Kg3 Qc5 44. Kh3 Qc6 45. Kg3 1/2-1/2

[Event "RUS Cup tt"]
[Site "Izhevsk"]
[Date "2010.11.21"]
[Round "2"]
[White "Borisenko, Andrei"]
[Black "Gusarov, Grigory"]
[Result "1/2-1/2"]
[WhiteElo "2434"]
[BlackElo "2409"]
[PlyCount "59"]
[EventDate "2010.11.20"]
[EventType "team-tourn"]
[EventRounds "5"]
[EventCountry "RUS"]
[SourceTitle "CBM 139 Extra"]
[Source "ChessBase"]
[SourceDate "2011.01.05"]
[SourceVersion "1"]
[SourceVersionDate "2011.01.05"]
[SourceQuality "1"]

1. e4 e5 2. Bc4 Nc6 3. Nc3 Nf6 4. d3 Na5 5. Bb3 Nxb3 6. axb3 Bb4 7. Bg5 h6 8. Bxf6 Qxf6 9. Nge2 c6 10. 0-0 d6 11. f4 Bg4 12. fxe5 Qxe5 13. d4 Qg5 14. Qd3 0-0 15. Nf4 Ba5 16. h3 Bd7 17. h4 Qd8 18. Qg3 Bb6 19. Nce2 Qe7 20. Nh5 f5 21. exf5 Rxf5 22. Rxf5 Bxf5 23. c3 Re8 24. Rf1 Qe3+ 25. Qxe3 Rxe3 26. Rxf5 Rxe2 27. Rf2 Re1+ 28. Rf1 Re2 29. Rf2 Re1+ 30. Rf1 1/2-1/2

[Event "RUS Cup tt"]
[Site "Izhevsk"]
[Date "2010.11.20"]
[Round "1"]
[White "Belyakov, Bogdan"]
[Black "Borisenko, Andrei"]
[Result "1-0"]
[WhiteElo "2254"]
[BlackElo "2434"]
[PlyCount "69"]
[EventDate "2010.11.20"]
[EventType "team-tourn"]
[EventRounds "5"]
[EventCountry "RUS"]
[SourceTitle "CBM 139 Extra"]
[Source "ChessBase"]
[SourceDate "2011.01.05"]
[SourceVersion "1"]
[SourceVersionDate "2011.01.05"]
[SourceQuality "1"]

1. e4 e6 2. d4 d5 3. Nc3 Bb4 4. a3 Bxc3+ 5. bxc3 dxe4 6. Qg4 Kf8 7. Qxe4 Nf6 8. Qh4 Qd5 9. c4 Qa5+ 10. Bd2 Qa4 11. Bd3 Nbd7 12. Ne2 Qc6 13. 0-0 a5 14. Rfe1 Kg8 15. d5 Qd6 16. Nd4 Nf8 17. Nb5 Qd8 18. Qg3 c6 19. Nc7 Nh5 20. Qe5 f6 21. Qxh5 Qxc7 22. Re3 Qf7 23. Qe2 g5 24. Bc3 Kg7 25. Re1 Ng6 26. dxe6 Qe7 27. Rf3 Rf8 28. Bxg6 Kxg6 29. Rh3 Kg7 30. Qe4 Kg8 31. Ree3 c5 32. f4 gxf4 33. Qxf4 Ra6 34. Reg3+ Kh8 35. Rxh7+ 1-0

[Event "Samara op"]
[Site "Samara"]
[Date "2010.07.31"]
[Round "9"]
[White "Borisenko, Andrei"]
[Black "Prikhodko, Anton"]
[Result "1/2-1/2"]
[WhiteElo "2420"]
[BlackElo "2074"]
[PlyCount "58"]
[EventDate "2010.07.23"]
[EventType "swiss"]
[EventRounds "9"]
[EventCountry "RUS"]
[SourceTitle "EXT 2011"]
[Source "ChessBase"]
[SourceDate "2010.11.26"]
[SourceVersion "1"]
[SourceVersionDate "2010.11.26"]
[SourceQuality "1"]

1. d4 Nf6 2. Nc3 d5 3. Bg5 Bf5 4. Bxf6 exf6 5. e3 c6 6. Nge2 Nd7 7. g3 Bd6 8. Bg2 Bg6 9. b3 0-0 10. 0-0 Re8 11. Na4 b5 12. Nb2 Nb6 13. Qd2 Ba3 14. Nd3 a5 15. Rfe1 Bxd3 16. Qxd3 g6 17. e4 Qd7 18. exd5 Nxd5 19. c3 f5 20. Qd2 Bd6 21. Nc1 f4 22. Nd3 Qf5 23. Bxd5 cxd5 24. Nxf4 Bxf4 25. Qxf4 Qxf4 26. gxf4 Rac8 27. Kg2 Rxe1 28. Rxe1 Rxc3 29. Re5 a4 1/2-1/2

[Event "Moscow op-A"]
[Site "Moscow"]
[Date "2010.01.30"]
[Round "1"]
[White "Sasikiran, Krishnan"]
[Black "Borisenko, Andrei"]
[Result "1-0"]
[WhiteElo "2653"]
[BlackElo "2420"]
[PlyCount "73"]
[EventDate "2010.01.30"]
[EventType "swiss"]
[EventRounds "9"]
[EventCountry "RUS"]
[SourceTitle "CBM 134 Extra"]
[Source "ChessBase"]
[SourceDate "2010.03.03"]
[SourceVersion "1"]
[SourceVersionDate "2010.03.03"]
[SourceQuality "1"]

1. d4 Nf6 2. c4 g6 3. Nc3 Bg7 4. e4 d6 5. f3 Nfd7 6. Be3 e5 7. Nge2 Bh6 8. Qd2 Bxe3 9. Qxe3 0-0 10. 0-0-0 c5 11. d5 a6 12. h4 f6 13. g4 Rf7 14. Rd2 Nf8 15. Ng3 b6 16. Rg1 Raa7 17. Nh1 g5 18. Ng3 Ng6 19. hxg5 fxg5 20. Nf5 Kh8 21. Rh1 Nf4 22. Rdh2 Rf6 23. Ne2 Raf7 24. Neg3 Nd7 25. Nh5 Rg6 26. Qc3 Nxh5 27. gxh5 Rgf6 28. h6 Nf8 29. Bh3 Ng6 30. Bg4 Bxf5 31. Bxf5 Nh4 32. f4 exf4 33. Rxh4 gxh4 34. Rxh4 f3 35. Be6 Kg8 36. Rf4 f2 37. Rf5 1-0

[Event "Moscow op-A"]
[Site "Moscow"]
[Date "2009.02.07"]
[Round "8"]
[White "Grachev, Boris V"]
[Black "Borisenko, Andrei"]
[Result "1-0"]
[WhiteElo "2655"]
[BlackElo "2415"]
[PlyCount "79"]
[EventDate "2009.01.31"]
[EventType "swiss"]
[EventRounds "9"]
[EventCountry "RUS"]
[SourceTitle "EXT 2023"]
[Source "ChessBase"]
[SourceDate "2022.10.05"]
[SourceVersion "1"]
[SourceVersionDate "2022.10.05"]
[SourceQuality "1"]

1. d4 e6 2. c4 c5 3. d5 exd5 4. cxd5 d6 5. Nc3 a6 6. a4 g6 7. g3 Bg7 8. Bg2 Ne7 9. Nf3 0-0 10. 0-0 h6 11. Nd2 Nd7 12. Qc2 g5 13. b3 Ng6 14. Bb2 Qe7 15. Rae1 Rb8 16. Nc4 Nde5 17. Nb6 f5 18. e3 f4 19. Nxc8 Rbxc8 20. exf4 gxf4 21. Ne4 Qd7 22. f3 b5 23. Nf2 Qf7 24. axb5 axb5 25. Ne4 Qd7 26. Ra1 Ra8 27. Bxe5 Nxe5 28. Rxa8 Rxa8 29. gxf4 Ng6 30. Nxc5 dxc5 31. Qxg6 Qxd5 32. Bh3 Qd4+ 33. Kh1 Qf6 34. Qe4 Ra1 35. Rxa1 Qxa1+ 36. Kg2 Bf8 37. Be6+ Kg7 38. Qe5+ Qxe5 39. fxe5 Kg6 40. f4 1-0

[Event "Moscow op-A"]
[Site "Moscow"]
[Date "2009.02.01"]
[Round "2"]
[White "Borisenko, Andrei"]
[Black "Kobalia, Mihail"]
[Result "1/2-1/2"]
[WhiteElo "2415"]
[BlackElo "2524"]
[PlyCount "73"]
[EventDate "2009.01.31"]
[EventType "swiss"]
[EventRounds "9"]
[EventCountry "RUS"]
[SourceTitle "EXT 2022"]
[Source "ChessBase"]
[SourceDate "2021.10.06"]
[SourceVersion "1"]
[SourceVersionDate "2021.10.06"]
[SourceQuality "1"]

1. e4 c5 2. Nf3 e6 3. d4 cxd4 4. Nxd4 a6 5. c4 Nf6 6. Bd3 Qb6 7. Nc2 d6 8. Nc3 Be7 9. 0-0 0-0 10. Kh1 Nbd7 11. f3 Qc7 12. Ne3 b6 13. Qd2 Ne5 14. Be2 Bb7 15. Rd1 Rac8 16. Bf1 Rfe8 17. Rb1 h5 18. Qf2 Qb8 19. Bd2 Bc6 20. b4 b5 21. cxb5 axb5 22. a4 bxa4 23. b5 Bb7 24. Nxa4 h4 25. Nb6 Rc7 26. Nbc4 Nxc4 27. Nxc4 h3 28. Bf4 e5 29. Bg5 Nxe4 30. fxe4 Bxg5 31. Nxd6 Re6 32. Nxb7 Qxb7 33. gxh3 Qxe4+ 34. Bg2 Qe3 35. Qa2 Kh7 36. Re1 Qb6 37. Be4+ 1/2-1/2

[Event "Moscow op-A"]
[Site "Moscow"]
[Date "2009.01.31"]
[Round "1"]
[White "Gavrilov, Alexei"]
[Black "Borisenko, Andrei"]
[Result "1/2-1/2"]
[WhiteElo "2439"]
[BlackElo "2415"]
[PlyCount "66"]
[EventDate "2009.01.31"]
[EventType "swiss"]
[EventRounds "9"]
[EventCountry "RUS"]
[SourceTitle "EXT 2022"]
[Source "ChessBase"]
[SourceDate "2021.10.06"]
[SourceVersion "1"]
[SourceVersionDate "2021.10.06"]
[SourceQuality "1"]

1. d4 e6 2. c4 c5 3. d5 exd5 4. cxd5 d6 5. Nc3 g6 6. e4 Bg7 7. Bd3 a6 8. a4 Ne7 9. h3 0-0 10. Nf3 h6 11. 0-0 g5 12. Re1 Ng6 13. a5 Nd7 14. Bd2 Nde5 15. Nxe5 Nxe5 16. Be2 f5 17. exf5 Bxf5 18. Na4 Qf6 19. Rf1 Qg6 20. Nb6 Bc2 21. Qc1 Rae8 22. Bc3 Be4 23. Qd1 Re7 24. Bh5 Qf5 25. f3 Bd3 26. Re1 Bb5 27. Bg4 Qg6 28. Be6+ Kh8 29. Re4 Ree8 30. Qd2 Nd3 31. h4 Rf4 32. hxg5 hxg5 33. Rxf4 gxf4 1/2-1/2

[Event "Samara"]
[Site "Samara"]
[Date "2008.12.12"]
[Round "8"]
[White "Borisenko, Andrei"]
[Black "Sanzhaev, Darsen"]
[Result "1-0"]
[WhiteElo "2430"]
[BlackElo "2082"]
[PlyCount "71"]
[EventDate "2008.12.05"]
[EventType "tourn"]
[EventRounds "9"]
[EventCountry "RUS"]
[EventCategory "2"]
[SourceTitle "CBM 127 Extra"]
[Source "ChessBase"]
[SourceDate "2009.01.08"]
[SourceVersion "2"]
[SourceVersionDate "2009.01.28"]
[SourceQuality "1"]

1. Nf3 Nf6 2. g3 b6 3. Bg2 Bb7 4. 0-0 e6 5. d3 d5 6. Nbd2 c5 7. e4 dxe4 8. Ng5 Nbd7 9. Ngxe4 Qc7 10. Nc4 Nd5 11. a4 a6 12. b3 Be7 13. Qg4 g6 14. Bb2 Rg8 15. Qe2 0-0-0 16. f4 f5 17. Ned6+ Bxd6 18. Qxe6 Kb8 19. Nxd6 Nxf4 20. Rxf4 Bxg2 21. Kxg2 Qc6+ 22. Kf2 Kc7 23. Qc4 Qxd6 24. Qxa6 Ra8 25. Qc4 Rge8 26. a5 Qe7 27. Kg2 Qd6 28. d4 Qc6+ 29. d5 Qd6 30. Bc3 b5 31. Qxb5 Qxd5+ 32. Kg1 Re3 33. a6 g5 34. Rd4 Qc6 35. Ba5+ Nb6 36. Bxb6+ 1-0